Statistics for Section.80 - Kendrick Lamar

Click here to take the quiz!

General Stats

  • This quiz has been taken 10 times
  • The average score is 7 of 16

Answer Stats

Track #Answer% Correct
3A.D.H.D
100%
12Rigamortis
70%
16HiiiPoWeR
60%
6Chapter Six
50%
10Chapter Ten
50%
11Keisha's Song (Her Pain) (featuring Ashtrobot)
50%
7Ronald Reagan Era (His Evils)
50%
5Tammy's Song (Her Evils)
50%
1F*ck Your Ethnicity
40%
2Hol' Up
40%
8Poe Mans Dreams (His Vice) (featuring GLC)
40%
15Ab-Soul's Outro (featuring Ab-Soul
30%
13Kush & Corinthians (His Pain) (featuring BJ the Chicago Kid)
30%
14Blow My High (Members Only)
20%
4No Make-Up (Her Vice) (featuring Colin Munroe)
20%
9The Spiteful Chant (featuring Schoolboy Q)
20%

Score Distribution

Percentile by Number Answered

Percent of People with Each Score

Your Score History

You have not taken this quiz